000 02155nam0a2200349 4500
001 RU\NLR\bibl\1120999
005 20260412063454.0
010 _a5-903108-04-0
021 _aRU
_b2007-47246
_92510
035 _a(NLR Aleph) 001107973
090 _a1219926
_c1219926
100 _a20070827d2006 |||y0rusy50 ca
101 0 _arus
102 _aRU
105 _aa |||||||||
200 1 _aВеликий полководец
_eк 100-летию со дня рождения Маршала Советского Союза, четырежды Героя Советского Союза Георгия Константиновича Жукова
_eбиобиблиографический указатель
_fКом. по культуре г. Москвы, Гос. учреждение культуры г. Москвы, "Центр. универс. науч. б-ка им. Н.А. Некрасова"
_g[сост. Е.М. Андреева
_gнауч. ред. И.И. Доронина]
210 _aМосква
_cЦентральная универсальная научная библиотека
_d2006
215 _a125,[2] с.
_cил., цв. ил., портр.
_d30
320 _aИмен. указ.: с. 114-126
600 1 _aЖуков
_bГ. К.
_gГеоргий Константинович
_f1896 - 1974
_jБиобиблиография
_3RU\NLR\AUTH\66232715
_91320557
686 _aЦ35(2)722-424дЖуков.я1
686 _aТ3(2)722.788Жуков Г.К.я1
702 1 _4220
_8rus
_7ca
_aАндреева
_bЕ. М.
_cбиблиограф
_gЕлена Михайловна
_3RU\NLR\auth\7758598
_941530
702 1 _4570
_8rus
_7ca
_aЖуков
_bГ. К.
_cполководец
_f1896-1974
_gГеоргий Константинович
_3RU\NLR\auth\7741788
_924736
702 1 _aДоронина
_bИ. И.
_4340
712 0 2 _4570
_aЦентральная универсальная научная библиотека им. Н. А. Некрасова
_cМосква
_3RU\NLR\AUTH\8810094168
_9689519
801 0 _aRU
_bNLR
_c20070827
_gRCR
801 1 _aRU
_bNLR
_c20070827
942 _cBOOK
980 _aNB